Reverse Dictionary #48 - Statistics

General Stats
  • This quiz has been taken 38 times
  • The average score is 18 of 25
Answer Stats
Definition First
Letter
Word % Correct
(anatomy) The rear part of the foot, where it joins the leg. H Heel
94%
(law) A child, a person who has not reached the age of majority, consent, etc. and is legally subject to fewer responsibilities and less accountability and entitled to fewer legal rights and privileges. M Minor
94%
A building or institution dedicated to the acquisition, conservation, study, exhibition, and educational interpretation of objects having scientific, historical, cultural or artistic value. M Museum
94%
A protuberance on the face housing the nostrils, which are used to breathe or smell. N Nose
94%
(music) a percussive keyboard musical instrument, usually ranging over seven octaves, with white and black colored keys, played by pressing these keys, causing hammers to strike strings P Piano
94%
(anatomy) The caudal appendage of an animal that is attached to its posterior and near the anus. T Tail
91%
A person who performs labor for a living, especially manual labor. W Worker
91%
(of a person) Of comparatively small height. S Short
88%
(geography) A body of water (especially the sea) more-or-less three-quarters surrounded by land. B Bay
85%
An item of clothing (usually worn by a woman or young girl) which both covers the upper part of the body and includes a skirt below the waist. D Dress
85%
To leave behind; to desert, as in a ship, a position, or a person, typically in response to overwhelming odds or impending dangers; to forsake, in spite of a duty or responsibility. A Abandon
82%
To invalidate or annul something. C Cancel
82%
(of people) To cause (someone) to be acquainted (with someone else). I Introduce
79%
An area for practicing shooting at targets. R Range
79%
To receive, especially with a consent, with favour, or with approval. A Accept
70%
A shape produced by a curve that bends around and crosses itself. L Loop
70%
The lowest limit. M Minimum
70%
A type of metabolic shock the body undergoes when a substance (such as a drug) on which a patient is dependent is withheld. W Withdrawal
70%
Desire to eat food or consume drink. A Appetite
67%
To disallow; to proscribe. F Forbid
55%
The part of a fluid that moves continuously in a certain direction. C Current
48%
Careless or heedless; headstrong or rash. R Reckless
42%
A consolation; something relieving suffering or worry. C Comfort
39%
The process or act of calculating. C Computing
27%
To give up, abandon or retire from something. To trade away. R Relinquish
6%
No matching quizzes found
Score Distribution
Percent of People with Each Score
Percentile by Number Answered
Your Score History
You have not taken this quiz